000 00947nam a22002297a 4500
005 20120809142847.0
010 _aB-447079
020 _a9788130904177
_c1495.00
035 _aB-447079
037 _adpl
_bReseaechco Book Centre/VEN
082 _a325.1
245 _aThe Migration Reader;
_bExploring Politics and Policies/
_cedited by Anthony M. Messina
260 _aNew Delhi
_bViva books private limited
_c2006
270 _a4737/23 Ansari Road Daryaganj
_bNew Delhi
_e110002
300 _a698p.
_c23cm (HB)
500 _aindex
700 _aAnthony M. Messina
_950978
700 _aGallya Lahav
_950979
942 _2ddc
_cEN
_mMIG
_h325.1
999 _c68967
_d68967